Allgemeinwissen (Nr. 4) - Statistiken

Allgemein
  • Dieses Quiz wurde 69 mal gespielt
  • Das Durchschnittsergebnis liegt bei 11 aus 20
Antwortstatistiken
Frage Antwort % Korrekt
Womit bezahlt man in Japan? Yen
92%
Wie viele Jahre umfasst ein Millennium? 1000
88%
Oldenburger und Hannoveraner sind Rassen welches Tieres? Pferd
85%
Der griechische Buchstabe Omega Ω ist das Symbol für welche elektrische Widerstandseinheit? Ohm
76%
An welchem See liegen die Städte Sirmione, Malcesine, Limone und Riva? Gardasee
71%
Die sogenannten Mitochondrien gelten als Kraftwerke der...? Zelle
71%
In welchem Land liegt die Provinz "Neufundland und Labrador", nach der gleich 2 Hunderassen benannt worden sind? Kanada
68%
Welche noch immer unbesiegte mittelalterliche Krankheit brach Ende 2013 auf Madagaskar wieder aus? Pest
66%
Mit welchem Schriftstück dokumentiert man seine Bereitschaft, nach seinem Tod Körperteile zur Rettung anderer Menschen zur Verfügung zu stellen? Organspendeausweis
64%
Wie heißt die US-Kultserie um einen Chemielehrer, der zum durchgeknallten Kriminellen wird? Breaking Bad
59%
Wer sagte am 15. Juni 1961 den Satz "Niemand hat die Absicht, eine Mauer zu errichten!"? Walter Ulbricht
54%
Wer schrieb 1912 "Das Urteil, obwohl er mit dem "Prozess" noch gar nicht fertig war? Franz Kafka
51%
Beim Fechten kämpft man mit den Waffen Degen, Säbel und...? Florett
47%
Was bedeutet der griechische Wortstamm "Hypno" wie etwa im Wort "Hypnose"? Schlaf
41%
Ein "Softcover" ist im Deutschen auch bekannt als ein...? Taschenbuch
32%
Welches Gemüse heißt auf Englisch "brussels sprouts", also "Brüsseler Sprossen"? Rosenkohl
31%
Was ist ein anderer Name für das Wasserschwein? Capybara
27%
Welches soziale Netzwerk hieß früher "Pickaboo"? Snapchat
19%
Welche Band wollte laut Aussage des Sängers eine "Fortsetzung der Beatles" sein und hatte Hits mit "Livin' Thing" oder "Mr. Blue Sky"? Electric Light Orchestra
10%
Nenne eine Tertiärfarbe! Blaugrün / Blauviolett / Rotviolett / Rotorange / Gelborange / Gelbgrün
7%
Keine übereinstimmenden Quizze gefunden
Verteilung der Resultate
Anzahl Personen mit jedem Resultat
Perzentil nach korrekt beantworteten Fragen
Ihre Resultats-Entwicklung
Sie haben dieses Quiz noch nicht gespielt